América Latina y Asia-Pacífico: oportunidades ante la crisis
Gardado en:
| Main Authors: | , |
|---|---|
| Outros autores: | |
| Formato: | Libro |
| Idioma: | Lingua castelá |
| Publicado: |
Santiago
Instituto de Estudios Internacionales
1998
|
| Edición: | 1a. ed |
| Series: | Colección Estudios Internacionales
|
| Subjects: | |
| Tags: |
Engadir etiqueta
Sen Etiquetas, Sexa o primeiro en etiquetar este rexistro!
|
MARC
| LEADER | 00000nam a2200000 a 4500 | ||
|---|---|---|---|
| 001 | UCP4502 | ||
| 003 | CL-VaPUC | ||
| 008 | 990731e19980000CL |||||||||||||||||spa|d | ||
| 020 | |a 9567350124 | ||
| 082 | 0 | 4 | |a 337.1 |b ALA |2 21 |
| 100 | 0 | |a Alamos Varas, Pilar |e author |9 432045 | |
| 700 | 0 | |a O'Shea Lecaros, Luz |e author |9 432046 | |
| 700 | |a Wilhelmy von Wolff, Manfred |e autor |9 619847 | ||
| 245 | 1 | 0 | |a América Latina y Asia-Pacífico: oportunidades ante la crisis |
| 250 | |a 1a. ed | ||
| 300 | |a 449 p | ||
| 942 | |c BK | ||
| 945 | |d 19990731 00:00:00 |a vberengu | ||
| 260 | |a Santiago |b Instituto de Estudios Internacionales |c 1998 | ||
| 600 | 0 | 7 | |a APEC |2 CL-VaPUC |9 371800 |
| 650 | 0 | |a Economía internacional |9 258254 | |
| 650 | 0 | |a Política económica |9 255029 | |
| 650 | 0 | |a Política gubernamental |9 262286 | |
| 650 | 0 | |a Relaciones Exteriores |9 255379 | |
| 651 | 0 | |a América Latina |9 255027 | |
| 651 | 0 | |a Asia oriental |9 372234 | |
| 651 | 7 | |a CHILE |2 CL-VaPUC |9 432048 | |
| 651 | 0 | |a China |9 257545 | |
| 583 | |a last modification |c 20190718 01:27:39 |k Rodrigo Vera | ||
| 490 | 0 | |a Colección Estudios Internacionales | |
| 999 | |c 282448 |d 282446 | ||
| 952 | |0 0 |1 0 |4 0 |6 337_100000000000000_ALA_1998 |7 0 |8 A |9 324188 |a BIBGIM |b BIBGIM |d 2019-11-20 |i 3496139 |o 337.1 ALA 1998 |p 3496139 |r 2025-01-15 |w 2019-11-20 |y BK |k GIM | ||
| 952 | |0 0 |1 0 |4 0 |6 337_100000000000000_ALA_1998 |7 0 |8 A |9 324189 |a BIBGIM |b BIBGIM |d 2019-11-20 |i 3497046 |o 337.1 ALA 1998 |p 3497046 |r 2025-01-15 |w 2019-11-20 |y BK |k ORI | ||
| 952 | |0 0 |1 0 |4 0 |6 337_100000000000000_ALA_1998 |7 0 |8 A |9 324190 |a BIBDER |b BIBDER |d 2019-11-20 |i 3508250 |o 337.1 ALA 1998 |p 3508250 |r 2023-01-25 |w 2019-11-20 |y BK |k DER | ||
| 952 | |0 0 |1 0 |4 0 |6 337_100000000000000_ALA_1998 |7 0 |8 A |9 324192 |a BIBGIM |b BIBGIM |d 2019-11-20 |i 4692489 |o 337.1 ALA 1998 |p 4692489 |r 2025-01-15 |w 2019-11-20 |y BK |k ORI | ||
| 952 | |0 0 |1 0 |4 0 |6 337_100000000000000_ALA_1998 |7 0 |8 A |9 324193 |a BIBGIM |b BIBGIM |d 2019-11-20 |i 4692470 |o 337.1 ALA 1998 |p 4692470 |r 2025-01-15 |w 2019-11-20 |y BK |k ORI | ||
| 952 | |0 0 |1 0 |4 0 |6 337_100000000000000_ALA_1998 |7 0 |8 A |9 324194 |a BIBGIM |b BIBGIM |d 2019-11-20 |i 4692462 |o 337.1 ALA 1998 |p 4692462 |r 2025-01-15 |w 2019-11-20 |y BK |k ORI | ||
| 952 | |0 0 |1 0 |4 0 |6 337_100000000000000_ALA_1998 |7 0 |8 A |9 324195 |a BIBGIM |b BIBGIM |d 2019-11-20 |i 4701313 |o 337.1 ALA 1998 |p 4701313 |r 2025-01-15 |w 2019-11-20 |y BK |k ORI | ||